000 02097nam a2200253Ia 4500
999 _c56267
_d56267
001 23369
003 GE_BSU
005 20230529144712.0
008 181216s1966ge xx |||||||||||||| ||geo||
040 _cGE_BSU
041 _ageo
080 _a94(3) + 94(395.3)+ 008.1(479.22:3) ლ-85
100 _aლორთქიფანიძე, ოთარ
_91433
245 _aანტიკური სამყარო და ძველი კოლხეთი : სავაჭრო-ეკონომიური და კულტურული ურთიერთობის ისტორიისათვის ძვ.წ. VI-II სს. =Античный мир древнаяя Колхида /
_cოთარ ლორთქიფანიძე, რედ. ა. აფაქიძე.
264 _aთბილისი :
_bთბილ. სახელმწ. უნ-ტის გამ-ბა და სტ.
_c1996.
300 _a228 გვ. :
_b19ფ. ილ. ;
_c 27 სმ.
504 _aბიბლიოგრაფია ტექსტის შენიშვნებში
520 _aრეზუმე რუსულ და ინგლისურ ენებზე
653 _aანტიკური სამყარო და ძველი კოლხეთი : სავაჭრო-ეკონომიური და კულტურული ურთიერთობის ისტორიისათვის ძვ.წ. VI-II სს.
653 _aანტიკური ქვეყნების ისტორია; კოლხეთის ისტორია; კოლხეთის სავაჭრო-ეკონომიური ურთიერთობები ანტიკურ ქვეყნებთან; კოლხეთის კულტურული ურთიერთობები ანტიკურ ქვეყნებთან;
653 _aისტორია
700 _aაფაქიძე, ა
_eრედაქტორი
_918266
942 _cBK
_2udc